MARC

LEADER 00000nam0a2200000 4500
001 263728
005 20231101233751.0
020 |a RU  |b 92-10753ж 
035 |a (RuTPU)RU\TPU\book\286717 
090 |a 263728 
100 |a 20140610a1986 k a0rusy5003 ca 
101 0 |a rus 
102 |a RU 
105 |a a z 001zy 
200 1 |a Гидравлика водопропускных сооружений, бьефов гидроузлов и волновые процессы на акваториях  |f Всесоюзный научно-исследовательский институт гидротехники им. Б. Е. Веденеева (ВНИИГ) ; под ред. Б. Г. Картелева 
210 |a Ленинград  |c Энергоатомиздат  |d 1986 
215 |a 110 с.  |c ил. 
225 1 |a Известия ВНИИГ им. Б. Е. Веденеева  |x 0368-0738  |v Т. 196 
320 |a Библиогр. в конце ст. 
606 1 |a Гидротехнические сооружения  |x Механическое оборудование  |2 stltpush  |3 (RuTPU)RU\TPU\subj\6874  |9 34654 
610 1 |a гидроэлектрические станции 
610 1 |a энергетическое оборудование 
610 1 |a надежность 
610 1 |a гидравлика 
610 1 |a водопропускные сооружения 
610 1 |a гидроузлы 
610 1 |a волновые процессы 
610 1 |a акватории 
675 |a 627.83  |z rus 
702 1 |a Картелев  |b Б. Г.  |g Борис Григорьевич  |4 340 
712 0 2 |a Всесоюзный научно-исследовательский институт гидротехники им. Б. Е. Веденеева (ВНИИГ)  |2 stltpush  |3 (RuTPU)RU\TPU\col\11485 
801 0 |a RU  |b RuMRKP  |c 19950417  |g psbo 
801 1 |a RU  |b 63413507  |c 20140610 
801 2 |a RU  |b 63413507  |c 20150306  |g RCR 
942 |c BK